00826nam a22002297a 450000500170000001000130001702000110003003500130004103700160005404000120007008200260008210000350010824500820014324600410022526000730026627000620033930000560040165000520045765000330050965000300054265000240057220170124102928.0 aB-136477 c375.00 aB-136477 bCen Lib/Ret aDPLbHN a808.882bटंडन aटंडन, नितिन  aविश्व सूक्ति कोश /cनितिन टंडन  aVishv sookti kosh /bby Nitin Tandon bगीता प्रकाशन aहैदराबाद c2004 a4-2-771/A, रामकोट bहैदराबाद  avi,328पृ. c20सेमी (सजिल्द) aहिंदी -- सूक्ति कोश aहिंदी -- कोश aHindi -- Gnome dictionary aHindi -- dictionary